00891cam a22002654a 45000010008000000030005000080050017000130080041000300100017000710200028000880400019001160420008001350500025001430820018001681000023001862450116002092500012003252600056003373000047003935040066004405380034005066500028005406500029005688560028005974048731RCMS20170601105049.0990325s2000 at a b 001 0 eng  a 99026100  a0534362524 (alk. paper) aDLCcRCMSdDLC apcc00aHF5548.8b.M756 200000a158.7 MUC2211 aPaul M. Muchinsky.10aPsychology applied to work :ban introduction to industrial and organizational psychology /cPaul M. Muchinsky. a6th ed. aAustralia ;aBelmont, CA :bWadsworth Pub.,cc2000. axxiv, 551 p. :bill. (some col.) ;c24 cm. aIncludes bibliographical references (p. 505-533) and indexes. iShelf # 13, Row # 1, Fiction. 0aPsychology, Industrial. 0aOrganizational behavior. 3Table of Contents Only.